banner-ar

الميتافيزيقا بين الرفض والتايد / (Record no. 29223)

MARC details
000 -الفاتح
حقل البيانات ثابتة الطول 00672nam a2200217Ia 4500
005 - وقت وتاريخ اخر تعامل مع التسجيلة
رقم الضبط 20240530102006.0
008 - عناصر البيانات ثابتة الطول - معلومات عامة
حقل البيانات ثابتة الطول 140319s9999 xx 000 0 ara d
040 ## - مصدر الفهرسة
وكالة الفهرسة الأصلية GCL /
وكالة النسخ GCL
082 04 - رقم تصنيف ديوى العشرى
رقم التصنيف 110
رقم المادة س م
100 1# - المدخل الرئيسى - إسم شخصى
الإسم الشخصى سامية عبدالرحمن
245 10 - بيان العنوان
العنوان الميتافيزيقا بين الرفض والتايد /
بيان المسئوليه,etc سامية عبدالرحمن
260 ## - PUBLICATION, DISTRIBUTION, ETC. (IMPRINT)
تاريخ النشر أو التوزيع 1993
300 ## - الوصف المادى
التعداد 171 ص
650 04 - المدخل الاضافى بالموضوع-مصطلح موضوعى
مصطلح موضوعي الفلسفة
650 04 - المدخل الاضافى بالموضوع-مصطلح موضوعى
مصطلح موضوعي الفلاسفة
650 04 - المدخل الاضافى بالموضوع-مصطلح موضوعى
مصطلح موضوعي الشك
650 04 - المدخل الاضافى بالموضوع-مصطلح موضوعى
مصطلح موضوعي ما وراء الطبيعة, علم
700 1# - المدخل الاضافى - اسم شخصى
الإسم الشخصى سامية عبدالرحمن
942 ## - عناصر المدخل الإضافي( كوها)
مصدر التصنيف او مخطط الترفيف Dewey Decimal Classification
Koha [default] item type كتاب
260 ## - PUBLICATION, DISTRIBUTION, ETC. (IMPRINT)
-- [S.N] :
-- مكتبة النهضة المصرية ،
Holdings
حالة التراجع حالة الفقد حالة تلف ليس للاعارة المكان المؤقت الموقع الحالى تاريخ الاكتساب اجمالي اﻻعارات رقم الطلب الباركود تاريخ اخر مشاهدة تاريخ تفعيل السعر نوع وعاء كوها
        مكتبة القاهرة الكبرى مكتبة القاهرة الكبرى 03/26/2014   110\س م 66852 03/26/2014 03/26/2014 كتاب
        مكتبة القاهرة الكبرى مكتبة القاهرة الكبرى 03/26/2014   110\س م 66853 03/26/2014 03/26/2014 كتاب

Powered By

EGPV